000 00790nam a2200229Ia 4500
003 OSt
005 20251127165736.0
008 210716s2017 xx 000 0 und d
020 _a9789352135608
040 _cAIMIT LIBRARY
041 _aeng
082 _a006.31
_21
_bBUDN
100 _aBuduma, Nikhil.
_9247069
245 _aFundamentals of deep learning :
_bdesigning next generation machine intelligence algorithms /
_cBy Nikhil Buduma
250 _a1st ed.
260 _aNew Delhi :
_bShroff Publications and Distributers Pvt Ltd ,
_c2017.
300 _axii,283p. ;
_bPB
_c23.5 cm
650 _aImplementing neural network
_9247070
650 _aConvolutional neural networks
_9247071
650 _aMemory augmented neural networks
_9247072
942 _2ddc
_cBK
_e1st
_k006.31 BUDN
999 _c195826
_d195826